01800 a2200205 45000010006000000050017000060080041000230030015000640400040000790800034001192450037001532500012001902640037002023000019002395051177002580410008014351000032014437000025014758560094015001381920260407155444.0260407a1980 arg spa dAR-UNSa-BCEJYS aAR-UNSa-BCEJYSbspacAR-UNSa-BCEJYS a342.9xDerecho Administrativo10aManual de derecho administrativo a2a. ed. 1aBuenos Aires :bPlus Ultrac1980 a484 p.c22 cm. a1. El Estado y sus funciones - 2. La administración pública - 3. El derecho administrativo - 4. Relaciones del derecho administrativo - 5. Fuentes del derecho administrativo - 6. Organización administrativa - 7. Los sujetos en el derecho administrativo - 8. Organización administrativa Argentina - 9. De los hechoa y actos administrativos - 10. Clasificación de los actos administrativos - 11. La formación del acto administrativo - 12. Elementos del acto admionistrativo - 13. Caracteres del acto administrativo - 14. Nulidad de los actos administrativos - 15. Los vicios del acto administrativo - 16. Del saneamiento y de la conversión de los actos administrativos - 17. De la extinción de los actos administrativos - 18. La interpretación de los actos administrativos - 19. El acto de gobierno del órgano ejecutivo - 20. Contratos administrativos - 21. Procedimiento para la formación de los contratos que celebre la administración - 22. De la ejecución de los contratos administrativos - 23. De la extinción de los contratos administrativos - 24. Contrato de obra pública - 25. Concesión de obra pública - 26. Contrato de suministros  aspa1 aGonzalez de Reca, Florencia1 aDiez, Manuel María41uhttps://biblioeco.unsa.edu.ar/pmb/images/libros/L85532.jpgyImagen de portadaqimage/jpeg